00480nam a22001692 4500001001100000005001700011008004100028020001700069040001500086050002100101100003900122245004900161250001200210260003900222300001600261650003300277000000529820151217152001.0070611s xx 000 0 eng d a0471661228 : aKABUcKABU 0aTS156b.M66 20051 aMontgomery, Douglas C.@000015482610aIntroduction to statistical quality control. a5th ed. aDanivers, MA :bJohn Wiley,c2005. axvi, 759 p. 0aQuality control.@0000155182